Online Catalogue and eLibrary

Moving forward towards the 21st century : (Record no. 1798)

MARC details
000 -LEADER
fixed length control field 00323nam a2200097Ia 4500
008 - FIXED-LENGTH DATA ELEMENTS--GENERAL INFORMATION
fixed length control field 240331s9999 xx 000 0 und d
082 ## - DDC Classification
Item Number - Author Mark MOV
100 ## - MAIN ENTRY--PERSONAL NAME
Personal name The Sri Lanka Women's NGO Forum. ed
245 #0 - TITLE STATEMENT
Title Moving forward towards the 21st century :
Remainder of title a handbook on implementing the Beijing platform for action on women
942 ## - Koha item type (Biblio)
Koha item type Books in Stacks (Lending)
Holdings
Lost status Damaged status Collection code Home library Current library Shelving location Date acquired Full call number Accession Number Item type
    Lending WERC Library WERC Library Social Science Cupboard 03/31/2024 305.402 MOV 2394 Books in Stacks (Lending)

© WERC Library